000 00298nam a2200121Ia 4500
005 20260328101517.0
008 260328s9999||||xx |||||||||||||| ||und||
245 4 _aThe Pictorial Guide to the Tower of London /
260 _bPitkin
300 _a32 p.
650 _aARQUITECTURA REGIONAL
942 _cBK
999 _c9431
_d9431